|
|
|
|
| LEADER |
01743nam a2200445 4500 |
| 001 |
on1119731634 |
| 003 |
OCoLC |
| 005 |
20200326101203.0 |
| 006 |
m o d |
| 007 |
cr cnu---unuuu |
| 008 |
190918s2019 mau o 000 0 eng d |
| 040 |
|
|
|a OPELS
|b eng
|e rda
|e pn
|c OPELS
|d OCLCF
|d YDX
|d GrThAP
|
| 019 |
|
|
|a 1124949127
|a 1125329174
|
| 020 |
|
|
|a 9780128171899
|q (print)
|
| 020 |
|
|
|a 9780128171929
|q (electronic bk.)
|
| 020 |
|
|
|a 0128171928
|q (electronic bk.)
|
| 020 |
|
|
|a 0128171898
|
| 035 |
|
|
|a (OCoLC)1119731634
|z (OCoLC)1124949127
|z (OCoLC)1125329174
|
| 050 |
|
4 |
|a QA76.9.B56
|
| 082 |
0 |
4 |
|a 004.67/8
|2 23
|
| 245 |
0 |
0 |
|a Role of blockchain technology in IoT applications /
|c edited by Shiho Kim, Ganesh Chandra Deka, Peng Zhang.
|
| 264 |
|
1 |
|a Cambridge, MA :
|b Academic Press,
|c 2019.
|
| 300 |
|
|
|a 1 online resource.
|
| 336 |
|
|
|a text
|b txt
|2 rdacontent
|
| 337 |
|
|
|a computer
|b c
|2 rdamedia
|
| 338 |
|
|
|a online resource
|b cr
|2 rdacarrier
|
| 490 |
1 |
|
|a Advances in computers ;
|v volume 115
|
| 588 |
0 |
|
|a Online resource; title from PDF title page (ScienceDirect, viewed September 18, 2019).
|
| 650 |
|
0 |
|a Blockchains (Databases)
|
| 650 |
|
0 |
|a Internet of things.
|
| 650 |
|
7 |
|a Blockchains (Databases)
|2 fast
|0 (OCoLC)fst01981761
|
| 650 |
|
7 |
|a Internet of things.
|2 fast
|0 (OCoLC)fst01894151
|
| 655 |
|
4 |
|a Electronic books.
|
| 700 |
1 |
|
|a Kim, Shiho,
|e editor.
|
| 700 |
1 |
|
|a Deka, Ganesh Chandra,
|d 1969-
|e editor.
|
| 700 |
1 |
|
|a Zhang, Peng,
|e editor.
|
| 776 |
0 |
8 |
|i ebook version :
|z 9780128171929
|
| 776 |
0 |
8 |
|c Original
|z 0128171898
|z 9780128171899
|w (OCoLC)1085216370
|
| 830 |
|
0 |
|a Advances in computers ;
|v v. 115.
|
| 856 |
4 |
0 |
|3 ScienceDirect
|u https://www.sciencedirect.com/science/bookseries/00652458/115
|z Full Text via HEAL-Link
|